Statistics for Guess the Taylor Swift song (1)

Click here to take the quiz!

General Stats

  • This quiz has been taken 18 times
  • The average score is 237 of 392

Answer Stats

Answer% Correct
a
100%
i
100%
I
100%
The
100%
the
100%
to
100%
you
100%
When
94%
and
88%
And
88%
he
88%
I'm
88%
i'm
88%
in
88%
on
88%
your
88%
Your
88%
all
82%
it
82%
me
82%
time
82%
us
82%
was
82%
like
76%
Like
76%
my
76%
of
76%
we
76%
But
71%
If
71%
if
71%
No
71%
as
65%
At
65%
at
65%
by
65%
from
65%
just
65%
know
65%
they
65%
up
65%
about
59%
Ever
59%
go
59%
look
59%
not
59%
now
59%
Now
59%
This
59%
Cause
53%
down
53%
Will
53%
Yeah
53%
yeah
53%
bad
47%
he's
47%
right
47%
Right
47%
story
47%
wrong
47%
back
41%
fell
41%
fit
41%
hole
41%
Long
41%
more
41%
rabbit
41%
ready
41%
short
41%
there's
41%
walk
41%
battle
35%
get
35%
guy
35%
passing
35%
pedestal
35%
pick
35%
Pushed
35%
someone
35%
survived
35%
tell
35%
these
35%
til
35%
battles
29%
before
29%
better
29%
break
29%
chance
29%
comes
29%
evermore
29%
everywhere
29%
fits
29%
heels
29%
high
29%
home
29%
keep
29%
keepin
29%
live
29%
lost
29%
meet
29%
must
29%
once
29%
picked
29%
shoe
29%
shoes
29%
things
29%
war
29%
warm
29%
Actually
24%
alley
24%
always
24%
both
24%
comet
24%
defeat
24%
feels
24%
lips
24%
nearest
24%
nemeses
24%
passed
24%
Past
24%
petty
24%
precipice
24%
Rare
24%
rear
24%
score
24%
shore
24%
sides
24%
sky
24%
sleep
24%
surrounded
24%
swing
24%
themselves
24%
tried
24%
view
24%
wanna
24%
bushes
18%
cliff
18%
Climbed
18%
door
18%
dropped
18%
Fatefully
18%
gates
18%
glimmer
18%
golden
18%
held
18%
keys
18%
knocked
18%
Missing
18%
peace
18%
sword
18%
threw
18%
tug
18%
waves
18%
ways
18%
words
18%
Clung
12%
cuts
12%
felt
12%
knife
12%
Misery
12%
shouted
12%
and now
0%

Score Distribution

Percentile by Number Answered

Percent of People with Each Score

Your Score History

You have not taken this quiz